Library Banner

Concise encyclopedia of civil laws (Record no. 51371)

MARC details
000 -LEADER
fixed length control field 00508nam a2200181Ia 4500
001 - CONTROL NUMBER
control field 53960
008 - FIXED-LENGTH DATA ELEMENTS--GENERAL INFORMATION
fixed length control field 140505s9999 xx 000 0 und d
020 ## - INTERNATIONAL STANDARD BOOK NUMBER
International Standard Book Number NA
040 ## - CATALOGING SOURCE
Transcribing agency PK-LaUMT
082 ## - DEWEY DECIMAL CLASSIFICATION NUMBER
Classification number 346.00264P
Item number SAE-C
100 ## - MAIN ENTRY--PERSONAL NAME
Personal name Saeed, Malik Muhammad
245 ## - TITLE STATEMENT
Title Concise encyclopedia of civil laws
Remainder of title selected rulings, civil referencer
Statement of responsibility, etc Saeed, Malik Muhammad
260 ## - PUBLICATION, DISTRIBUTION, ETC. (IMPRINT)
Place of publication, distribution, etc Lahore,Pakistan:
Name of publisher, distributor, etc Irfan Law Book House,
Date of publication, distribution, etc NA
300 ## - PHYSICAL DESCRIPTION
Extent 1390 p.
546 ## - LANGUAGE NOTE
Language note EN
650 ## - SUBJECT ADDED ENTRY--TOPICAL TERM
Topical term or geographic name as entry element Law-Encyclopedia
942 ## - ADDED ENTRY ELEMENTS (KOHA)
Koha item type Books
Holdings
Withdrawn status Lost status Damaged status Not for loan Home library Current library Date acquired Total Checkouts Full call number Barcode Date last seen Price effective from Koha item type
        UMT Main Campus UMT Main Campus 2014-05-05   346.00264P SAE-C 64086 2014-05-08 2014-05-08 Books